Statistics for U.S. Cities with the Biggest Economies

Click here to take the quiz!

General Stats

  • This quiz has been taken 34,824 times
    (18,155 since last reset)
  • The average score is 19 of 24

Answer Stats

GDP ($)City% Correct
2007 bilNew York City
100%
1207 bilLos Angeles
99%
771 bilChicago
96%
403 bilMiami
95%
606 bilSan Francisco
94%
621 bilDallas
93%
584 bilHouston
93%
435 bilSeattle
91%
515 bilBoston
91%
612 bilWashington D.C.
88%
505 bilPhiladelphia
85%
452 bilAtlanta
83%
291 bilDetroit
82%
272 bilSan Diego
82%
294 bilPhoenix
78%
245 bilDenver
76%
191 bilPortland
72%
174 bilAustin
72%
296 bilMinneapolis
65%
219 bilBaltimore
64%
335 bilSan Jose
59%
180 bilSt. Louis
59%
172 bilTampa
55%
205 bilCharlotte
53%

Score Distribution

Percentile by Number Answered

Percent of People with Each Score

Your Score History

You have not taken this quiz since the last reset